| 000 | 00643nam a22002297a 4500 | ||
|---|---|---|---|
| 003 | OSt | ||
| 005 | 20180116192407.0 | ||
| 008 | 111129t xxu||||| |||| 00| 0 eng d | ||
| 040 | _c0 | ||
| 082 |
_a891.4391 _bAAL |
||
| 100 |
_aAali, Jamil Ud Din _9218 |
||
| 245 |
_aانسان _cجمیل الدین عالی |
||
| 246 | _aInsaan | ||
| 260 |
_aKarachi: _bMaktaba Humzuban, _c2007. |
||
| 300 |
_a544 _c14cm |
||
| 546 | _aUrdu | ||
| 600 |
_aعا لی,جمیل الدین _vشآعری _9219 |
||
| 650 |
_aUrdu Litrature _vPoetry _9220 |
||
| 650 |
_aاردو _vشآعری _9221 |
||
| 700 |
_aعا لی,جمیل الدین _9222 |
||
| 942 |
_2ddc _cBK |
||
| 999 |
_c353437 _d353437 |
||